[Event "Chelyabinsk 17"]
[Site "Linares"]
[Date "2002.03.10"]
[Round "17"]
[White "Shirov, Alexei"]
[Black "Kasparov, Garry"]
[Result "0-1"]
[WhiteElo "2715"]
[BlackElo "2838"]
[EventDate "2002.02.22"]
[Annotator "Rogozenko"]

1. e4 c5 2. Nf3 Nc6 3. d4 cxd4 4. Nxd4 Nf6 5. Nc3 e5 6. Ndb5 d6 7. Bg5 a6 
8. Na3 b5 9. Bxf6 gxf6 10. Nd5 f5 11. Bxb5 axb5 12. Nxb5 Ra4 13. b4 {Up to
the present game the piece sac in connection with this pawn advance 
brought Shirov two nice victories. Actually the move 13.b4 was lately the 
reason for popularity of the whole bishop sacrifice line. Probably it is 
time to have a closer look to 13.b4. White obviously wants to open files 
on the queenside and it also defends pawn e4 in a very original and active
manner. The move is not new at all and was first played in 1979, but never
considered dangerous because of the answer 13. ... Rxb4. However, the 
things proved far from clear after 14.Nbc7 Kd7 15.0-0, when Black must 
play very precise in order to avoid a quick disaster. Black tried several 
different ways after that, but it became more or less obvious that White 
has a good compensation for the piece. In the former Soviet Union the 
inventor of the b4 idea was considered Latvian Master Alvis Vitolinsh. It 
is not possible to say now if he played it before the first officially 
recorded game with 13.b4 ( Tringov,G-Cvetkovic,S/Vrnjacka Banja 1979), 
because in chess databases many Soviet tournaments are absent. Interesting
is another factor. Certain is that after two decades another originally 
Latvian player contributed to its revival - Alexey Shirov. Maybe we should
name the move 13.b4 the Latvian Variation? However, the present game is a 
serious blow against "Latvian Variation". The psychological effect of this
game might be so strong that we won't see 13.b4 soon in the practice 
again, that's why I thought it is better to give this short historical 
background now.} ( 13. Nbc7+ Kd7 14. b4 {would avoid Black's option 13. 
... Qh4, since now 14...Qh4 makes less sense (because the king went on d7 
already, see next comment). Maybe in this case Black can consider taking 
on b4 with the knight, although it wasn't played it in the practice yet.} 
14. ... Rxb4 ( 14. ... Nxb4!? 15. c3 Nxd5 16. Qxa4+ Kxc7 17. exd5 Bb7 ~ {
White will soon double rooks on the b-file, while Black should be trying 
to trade queens. It's difficult to give a precise evaluation of the 
position without practical games played with it.} ) 15. O-O ~ ) 13. ... 
Qh4 {Repeating McShane's idea. Strange that nobody played it after the 
game Luther,T-McShane,L/Lippstadt 2000. 13... Qh4 has several ideas. First
of all the counterplay on the kingside is typical for Black in 11.Bxb5 
line. Secondly (and most important) Black makes available square d8 for 
his king, thus keeping open the diagonal c8-h3 for the bishop. And finally
the queen attacks pawn e4.

 This objection to the gambit variation has a reputation of being one of 
the most reliable. Without paying any attention to the a4-pawn's 
isolation, Black gains time for creating counterplay on the K-side } ( 
13. ... Nxb4? {This doesn't work now because White wins a piece:} 14. 
Ndc7+ {That's the difference. White gives check with another knight.} 
14. ... Kd7 15. c3 +/- ) ( 13. ... Rxb4 ) 14. O-O Rg8 15. f4 {A slightly 
dubious novelty. Or let put it this way - the move was already recommended
in the annotations to McShane's game and one would expect that Shirov had 
analyzed the arising complications, but the game proved the opposite.} ( {
Black's main idea is realized in the variation } 15. c3 f4! {White forced 
a draw in the above-mentioned game:} 16. Qxa4 ( 16. g3 fxg3 17. fxg3 Rxg3+
18. hxg3 Qh3 ) 16. ... Rxg2+! {Sacrificing his two rooks Black forces a 
perpetual check } 17. Kxg2 Qg4+ {1/2-1/2 Luther,T-McShane,L/Lippstadt 
2000. Probably this is the logical outcome, unless Black can invent 
something instead of 15...f4 to play for more than a draw, but I doubt 
that.} ) 15. ... Kd8! {Shirov failed to find a way and collapsed in a few 
moves. I accept that there are ways for White to improve, but on the other
hand Black has always enough counterplay, at least for a draw by perpetual
in most of the cases.} 16. c3?! ( 16. Nb6!? {are worth attention; the 
latter has already been tested in practice: } 16. ... Rxb4 17. Nxc8 ( 17. 
Nxd6 Rd4 -+ ) 17. ... Kxc8 18. Qd5 ( 18. Nxd6+ Bxd6 19. Qxd6 Rc4! -+ ) 
18. ... Nd4 19. Qa8+ Kd7 20. Qb7+ Kd8 21. Qb8+ Kd7 22. Qb7+ Kd8 23. Qc7+ 
Ke8 24. Qc8+ Ke7 25. Nc3 f6 26. Nd5+ Kf7 27. Qd7+ Kg6 28. Nxb4 Ne2+ {
1/2-1/2, Sigfusson S - Asgeirsson H , Reykjavik 18. 8.2005 Ch Iceland)} ) 
( 16. Nxd6? Bxd6 17. Nb6 Nd4 18. Nxa4 fxe4 -+ ) ( 16. fxe5? Nxe5 17. Qd4 (
17. Nbc3? Rxb4! 18. Nxb4 Ng4 -+ ) 17. ... Ra6 -/+ {are unsatisfactory for 
White} ) ( {G.Kasparov thinks that the continuations} 16. c4!? ) 16. ... 
Ra6 17. a4? {Makes possible the move Ra1-a2 later. This move provides 
Black with time for launching a swift counterattack } ( {G.Kasparov points
at the following possibilities:} 17. Ndc7? fxe4 ( 17. ... Rb6 18. a4 fxe4 
{see 18.Nbc7} ) 18. Nxa6 Bh3! 19. Qe1 Rxg2+ 20. Kh1 Qg4 21. Rf2 exf4 -+ ) 
( 17. Ne3 Na7 ( 17. ... exf4 18. Nxd6 ) 18. Nxa7 Rxa7 19. Nxf5 Bxf5 20. 
exf5 Qh3 21. Qd2 Rc7 =+ ) ( 17. exf5 Bb7! ) 17. ... fxe4 18. f5?! ( {In 
G.Kasparov's opinion, the lesser of two evils for White is} 18. Ndc7 {This
was certainly more stubborn. Now in the following variations White is 
still struggling:} 18. ... Rb6 ( 18. ... Bh3 19. Ra2 ) ( 18. ... exf4 19. 
Nxa6 f3 20. Ra2 Bxa6 21. Qd5! Qh3 22. g3 Bxb5 23. axb5 Ne5 24. b6 {and 
probably Black has nothing more than a draw with Rxg3 at one point.} ) ( 
18. ... Qh3! 19. Ra2 Bg4 20. Qc2 Bf3 21. Nxa6 ( 21. Rf2 Bh6! -/+ ) 21. ...
 Rxg2+ 22. Qxg2 Bxg2 23. Rxg2 Qe3+ 24. Kh1 Qd3 -/+ ) 19. a5 Rb7 20. a6 
Rxc7 21. Nxc7 Kxc7 22. a7 Bb7 23. a8=Q Bxa8 24. Rxa8 ) 18. ... Bb7 {As we 
have already seen more than once, a typical motif of black counterplay in 
this variation is exerting pressure along the light-squared long diagonal 

The diagonal c8-h3 was closed by 18.f5, so the bishop finds a better one -
the long diagonal, which will prove fatal for White. By the way, one can 
say that the long diagonal is also full of pieces. Well, watch this:} 19. 
Ra2 ( 19. Nbc7 Ne7! 20. Nxe7 Bxe7 21. Nxa6 Rxg2+! -+ ) ( 19. Ndc7 e3 20. 
Nxd6 Kxc7 21. Nxb7 Nd4! 22. cxd4 Rh6 -+ {here and below the variations are
cited by G.Kasparov} ) 19. ... e3! 20. Nxe3 ( 20. Ndc7 Qc4! 21. Rb2 Nxb4 
22. cxb4 Bxg2 23. Rxg2 Rxg2+ 24. Kxg2 e2 -+ ) 20. ... Qe4 21. Re1 ( 21. 
Re2 Nd4 22. cxd4 Bh6 -+ ) ( 21. Qe2 Ne7 -+ ) 21. ... Nxb4! -+ {The 
decisive combination - White cannot hold g2. Who said that the long 
diagonal is full of pieces?

Black systematically clears the a8-h1 diagonal for his final blow } 22. 
cxb4 Bh6 {Attacking the defender - a well-known and effective motif.} 23. 
Kh1 ( 23. Ng4 Qxg4 24. Nxd6 Be3+! ) ( 23. Nxd6 Bxe3+ 24. Rxe3 Qxe3+ 25. 
Kh1 Bd5 -+ ) 23. ... Bxe3 24. Qe2 {The rest doesn't need comments - Black 
is absolutely winning.} ( 24. Rxe3 Qxg2+ 25. Rxg2 Bxg2+ 26. Kg1 Bf3+ 27. 
Kf2 Bxd1 {with a rook up.} ) 24. ... Rc6 ( 24. ... Rxa4 25. Nxd6 Rxa2 26. 
Nxb7+ Qxb7 27. Qxa2 Bd4 -+ ) 25. a5 ( 25. Rd2 Rxg2 26. Qxg2 Qxg2+ 27. Rxg2
Rc2 -+ ) 25. ... Qxb4 26. Nxd6 Rxd6 27. Qxe3 Qd4 28. Qc1 Qd5 0-1

[Event "Chelyabinsk 9"]
[Site "Donetsk UKR"]
[Date "1998.11.02"]
[Round "9"]
[White "Golubev, Mikhail"]
[Black "Nechaev, Andrei"]
[Result "1-0"]
[WhiteElo "2515"]
[BlackElo "2330"]
[EventDate "1998.11.02"]
[Annotator "Rogozenko"]

1. e4 c5 2. Ne2 Nc6 3. Nbc3 e6 ( 3. ... e5!? ) 4. d4 cxd4 5. Nxd4 Nf6 6. 
Ndb5 d6 7. Bf4 e5 8. Bg5 a6 9. Na3 b5 10. Bxf6 gxf6 11. Nd5 Bg7 12. c3 f5 
13. exf5 Bxf5 14. Nc2 Be6 15. Nce3 ( 15. g3 {In my opinion this move is 
more precise here.} 15. ... Ne7 ( 15. ... O-O!? ) 16. Bg2 Nxd5 17. Bxd5 +=
) 15. ... O-O ( 15. ... Ne7 {Practicaly forcing White to play the 
variation with 16.g3. After taking on d5, White must take back with the 
Knight unlike the previous remark (after 15.g3), which is more convenient 
for Black.} ) 16. Bd3 f5 {Nowadays a very fashionable line. White has 
several possibilities in this position, but neither of them proved to be a
clear advantage. The more interesting is to watch this game, in which 
White won convincingly.} 17. O-O ( 17. Qh5 ) ( 17. Bc2 ) 17. ... Ra7?! {It
always looked a bit artificial to me. This move can be good only if White 
starts to play on the Kingside.} ( 17. ... Rb8 18. Qh5 Qd7 19. Rad1 Kh8 
20. Bc2 b4 ~ {David,A-Manor,I/Czerniak-mem Bikurei Haitim 1997} ) ( 
17. ... e4 18. Nf4 Bf7 19. Bc2 Be5 {Black had good practical results here 
so far.} ) 18. a4! {Although technically speaking this is not a novelty, 
on the high level it was never met before. I think this move can put 
serious problems to the whole line with 17. ... Ra7.

 A preliminary play on the Q-side before white queen lunges to h5 looks 
like an interesting idea} ( 18. Qh5 Raf7 19. f4 ( 19. g4 e4 20. Bc2 Ne5 
â‡„â‡„ {Svidler-San Segundo/Madrid 1998} ) ( 19. a4!? ) 19. ... Ne7 
=, quiet {Asrian-Rogozenko/Elista(ol.) 1998} ) 18. ... b4 {A standard 
reaction. By way of the pawn sacrifice Black intends to obtain the 
d4-square for his knight } ( {Favorable for White is} 18. ... f4 19. Qh5 
Bh8 ( 19. ... Rff7 20. Bxh7+!? Kf8 21. Bf5! +/- ) 20. Bxh7+ ( 20. Bf5!? 
Rxf5 21. Nxf5 Bxd5 22. axb5 +/- ) 20. ... Rxh7 21. Qg6+ +- ) ( 18. ... e4 
19. Nf4 ( 19. axb5 exd3 20. bxc6 f4 ~ ) 19. ... Bf7 20. axb5 +/- ) ( 
18. ... Ne7 19. Nxe7+ Qxe7 ( 19. ... Rxe7 20. axb5 axb5 21. Bxb5 d5 22. 
Ra6 +/- ) 20. axb5 axb5 21. Rxa7 Qxa7 22. Bxb5 Qc5 23. Ba4 +/- ) ( 18. ...
 bxa4 += {will be an evident black concession on the Q-side)} 19. Rxa4 a5 
{I don't see anything better than this for Black. However, White's chances
look better here.} ) 19. Qh5 ( 19. cxb4 {Maybe there is no need to take 
the pawn, but I don't see a clear compensation here.} 19. ... e4 ( 19. ...
 Nd4!? ) 20. Nf4 Bf7 21. Bc4 +/- ) 19. ... e4 ( 19. ... bxc3 20. bxc3 Raf7
( 20. ... e4 21. Nf4 Bf7 22. Bc4 += ) ( 20. ... Qd7!? ) 21. Bxa6 {now the 
a6-pawn becomes vulnerable} 21. ... f4 22. Bd3 Bh8 23. Bxh7+ Rxh7 24. Qg6+
Bg7 25. Qxe6+ Kh8 26. Nf5 Qg5 27. Nxd6 {shown by V.Golubev)} ) 20. Nf4! 
Bf7 21. Bc4 += {That's the difference. Now White can use the c4 square for
his pieces. White manages to achive "ossification" of the opponent's pawn 
structure in the center, and now his knights start to dominate over black 
bishops } 21. ... Qf6? ( 21. ... Bxc4 22. Nxc4 bxc3 {It was necessary to 
try something like this.} 23. bxc3 Bxc3 24. Rad1 += ) ( 21. ... Qe8!? ) 
22. Nfd5! +/- {Now White wins a pawn and there is no compensation.} 
22. ... Qe5 23. Qxf5 Na5 24. Qxe5 Bxe5 25. Rad1 ( 25. Ba2!? b3 26. Bb1 
Bxd5 27. Nxd5 Nc4 28. Bxe4 Nxb2 +/- ) 25. ... bxc3 26. bxc3 Nxc4 27. Nxc4 
Bxc3 28. Nxd6 ( 28. Nxc3 $143 Bxc4 29. Rfe1 +/- ) 28. ... Bxd5 29. Rxd5 
Re7?! 30. Nf5 {The endgame is easy won for White. Black has many weak 
pawns, the King is very bad and there is no counterplay at all.} 30. ... 
Rb7 31. Rc1 Bf6 32. g4 Bg5 ( 32. ... Rb4 33. Rc7 Rxa4 34. Nh6+ Kh8 35. 
Rdd7 +- ) 33. Re1 Rb4 +/- 34. a5 Ra4 35. h3 Bf4 ( 35. ... Bd8 36. Rb1! +/-
) 36. Rb1 +- Ra3 37. Rb4 Rxh3 38. Rxe4 Bc7 39. Re7 Bd8 40. Ra7 Ra3 41. 
Nh6+ 1-0

[Event "Chelyabinsk 8"]
[Site "20.Schachtage"]
[Date "1992.??.??"]
[Round "8"]
[White "Adams, Michael"]
[Black "Salov, Valery"]
[Result "1-0"]
[WhiteElo "2620"]
[BlackElo "2655"]
[EventDate "1992.??.??"]
[Annotator "JvR"]
[PlyCount "73"]

1. e4 c5 2. Nf3 Nc6 3. d4 cxd4 4. Nxd4 Nf6 5. Nc3 e5 6. Ndb5 d6 7. Bg5 a6 
8. Na3 b5 9. Bxf6 gxf6 10. Nd5 Bg7 11. c3 f5 12. exf5 Bxf5 13. Nc2 O-O 14.
 Nce3 Be6 15. g3 {A restrained (in comparison with 15.g4) and positionally
well-groounded continuation. White bishop's fianchetto intensifies white 
influence upon light squares in the center and fortifies a future 
residence of his king } 15. ... Ne7 { Black carries out a policy of 
exchanging the opponent's active pieces that occupy the d5-outpost 
consistently. However, as a result of all those simplifications it turns 
out that White is left with a favorable set of pieces. } 16. Bg2 Rb8 17. 
O-O Nxd5?! ( {Better is} 17. ... f5! 18. Nxe7+ Qxe7 19. Nd5 Qf7 20. Nb4 {
(Adams).} ) 18. Bxd5! += Kh8 19. a4! {Standard undermining of the 
opponent's Q-side } 19. ... Bh6! {It is necessary to exchange a passive 
dark-squared bishop } ( 19. ... bxa4 20. Rxa4 Rxb2 21. Nc4 Rb5 22. Bxe6 
fxe6 23. Qxd6 +/- ) 20. axb5 axb5? ( {(It is necessary to play} 20. ... 
Bxe3 21. fxe3 Bxd5 ( 21. ... axb5 22. Ra6 Rb6 23. Ra7 += ) 22. Qxd5 Rxb5 
23. Qd2 a5 += {and the ensuing position is only slightly better for White}
) 21. Nc2! +/- {Now Black is left with a bad dark-squared bishop} 21. ... 
Qd7 22. Ra6 Bh3?! ( 22. ... Rbd8 23. Nb4 Rg8 {defends appropriately.} ) 
23. Re1 ( 23. Bg2?? Bxg2 24. Kxg2 Qb7+ -+ ) 23. ... Bg5?! {A heroic 
attempt to revive the dark-squared bishop via d8 } 24. Nb4 Bd8? {Rb6} 25. 
Be4! {White aims at the opponent's K-side as well } 25. ... Bb6 ( 25. ... 
Rb6? 26. Qh5 f6 27. Qh6 Rf7 28. Rxb6 Bxb6 29. Bxh7 +- ) 26. Nd5 ( 26. Qh5 
f5 27. Rxb6 fxe4 28. Rxb8 Rxb8 29. Rxe4 +/- ) 26. ... f5 27. Nxb6 Qd8 28. 
Nd7 Qxd7 29. Rxd6 Qe7 30. Rd7 Qg5 31. Bc2 ( 31. Bg2 Bxg2 32. Kxg2 f4 ) 
31. ... e4? ( 31. ... Rbe8 32. f4 +/- ) 32. Qd4+ +- Qf6 33. Qa7! Qh6 34. 
Ra1 b4 35. Qd4+ Qf6 36. Raa7 Qxd4 37. cxd4 1-0

[Event "Chelyabinsk 8"]
[Site "Pacs"]
[Date "2003.07.11"]
[Round "8"]
[White "Polgar, Judit"]
[Black "Gelfand, Boris"]
[Result "0-1"]
[WhiteElo "2718"]
[BlackElo "2695"]
[EventDate "2003.07.10"]
[Annotator "Rogozenco"]

1. e4 c5 2. Nf3 Nc6 3. d4 cxd4 4. Nxd4 Nf6 5. Nc3 e5 6. Ndb5 d6 7. Bg5 a6 
8. Na3 b5 9. Bxf6 gxf6 10. Nd5 f5 11. c3 Bg7 12. exf5 Bxf5 13. Nc2 O-O 14.
 Nce3 Be6 {This bishop retreat is considered principal. Black sticks to a 
main strategic idea for such positions - to struggle for control over the 
d5-square as hard as possible } 15. g4!? {An old move, appeared in 1976 
and at the beginning considered to give White advantage. The intention to 
prevent f7-f5 is logical, but the drawbacks are obvious too - White 
weakens too much his own structure and will have problems with the king in
all tactical complications.

 This is not an attack against the king but an attempt to establish 
control over light squares in the center } 15. ... b4! {Most energetic. 
Black immediately starts counterplay on the queenside. Moves 15... Qh4 or 
15...Ne7 are good as well, but the text is strongest.

Having an advantage in development, Black meets White's ambitious 
strategic idea with dynamic opening of the game } ( 15. ... f5?! 16. gxf5 
Bxf5 17. Nxf5 Rxf5 18. Ne3 Rf7 19. Bg2 Rc8 20. Bd5 +/- ) ( 15. ... Ra7 {
White has successfully realized his conception in the following game} 16. 
Bg2 h5?! ( 16. ... Ne7 += ) 17. h3! +/- Bh6?! 18. Qf3 Bg5 19. h4!! +- Bxe3
( 19. ... hxg4 20. Nxg4 Bxd5 21. Qxd5 Ne7 22. Qd3 Bf4 23. Nf6+ Kg7 24. 
Nh5+ Kh6 ( 24. ... Kh8? 25. Nxf4 exf4 26. Qd4+ +- ) 25. Nxf4 exf4 26. Qd4 
) 20. Nf6+! Kh8 21. g5! Kg7 ( 21. ... Bg4 22. Qe4 ) 22. Qxe3 d5 23. Rd1! 
+- Rd7 24. Nxh5+ Kh8 25. Nf6 Rd6 26. Qd3 e4 27. Bxe4 { 1-0, Byrne R - 
Garcia Gonzalez G, 1976 Torremolinos} ) 16. Bg2 ( {If pawn sacrifice is 
accepted} 16. cxb4 {then black knight has the d4-square at its disposal } 
16. ... Rb8 17. a3 a5 18. b5 Nd4 19. a4 f5 20. gxf5 Bxd5 21. Nxd5 Rxf5 â†‘
{0-1 Rodriguez-Jussupow, Amsterdam 1978 (79)} ) ( 16. Nxb4 Nxb4 17. cxb4 
e4 18. Qd2 Qf6 â†‘ {1/2-1/2 Sieberg,R-Gromotka,E/W-ch M495 corr 1990 (41)}
) 16. ... bxc3 17. bxc3 Rc8 18. Qd3 N ( 18. O-O Ne7 19. Nxe7+ Qxe7 20. Qd3
Qg5 -/+ ) 18. ... e4!? {A thematic sacrifice of a pawn that allows black 
pieces to break free and stresses drawbacks of an abrupt move g2-g4 } ( 
18. ... Ne7 {is also good for Black.} ) 19. Bxe4 ( 19. Qxe4? Bxd5 -+ 20. 
Qxd5 ( 20. Nxd5 Re8 -+ ) 20. ... Bxc3+ 21. Ke2 Nd4+ -+ ) 19. ... Ne5 20. 
Qe2? ( 20. Qxa6 {This was better for the simple reason that 20. Qe2 does 
not protect pawn g4 anyway. With 20.Qxa6 White not only takes the pawn, 
but also keeps square e2 available for the king.} 20. ... Nxg4 ( 20. ... 
Re8 21. h3 ( 21. O-O Nxg4 22. Nxg4 Bxg4 =/& ) 21. ... Nc4 22. O-O Nd2 23. 
Bxh7+! Kh8 ( 23. ... Kxh7 24. Qd3+ ) 24. Bc2 Nxf1 25. Qxf1 ~ ) 21. Nxg4 
Bxg4 =/& ( 21. ... Bxd5 22. Bxd5 Bxc3+ 23. Ke2 Re8+ 24. Ne3 Bxa1 25. Rxa1 
Rc2+ 26. Kd3 Rxf2 {in spite of the exposed king on d3, White's chances are
preferable in this complicated position. He can bring the queen to d4 
after 27.Qa4, also start an attack with Ra1-g1.} ) ) 20. ... Nxg4! 21. Rg1
( 21. Nxg4 Bxd5 22. Bxd5 Bxc3+ {and because the king cannot step on e2, 
Black will simply take on a1 next, remaining an exchange up.} ) 21. ... 
Nxe3 22. Qxe3 Kh8 -/+ {The material is equal, only that White's pawn 
weaknesses are more vulnerable and his king will always be under attack. A
complete failure of White's opening strategy. 

As a result, the insecure position of white king ensures black advantage 
in the middle game } 23. Kf1 ( 23. Rxg7 Kxg7 24. Qd4+ f6 -+ ) 23. ... Qh4 
24. Rd1 Rfe8 ( 24. ... Bh3+ 25. Bg2 Bd7!? ) 25. Qg3 Bh3+ 26. Bg2 Qc4+ ( 
26. ... Bd7!? ) 27. Qd3 Qxd3+ 28. Rxd3 {Even after the exchange of the 
queens, white position remains unpleasant considering the lack of 
co-ordination in his army and activity of every black piece } 28. ... Bf5 
{Of course Black has a huge advantage in all variations, but here he could
win an exchange right away:} ( 28. ... Bd7! 29. Re3 ( 29. c4 Bb5! -+ ) 
29. ... Bb5+ 30. Ke1 Bh6 31. Rxe8+ Rxe8+ 32. Ne3 ( 32. Kd1 Ba4# {a nice 
checkmate!} ) 32. ... Bxe3 33. fxe3 Rxe3+ -+ ) 29. Re3 Rxe3 30. fxe3 Rb8 
31. e4 ( 31. Kf2 Rb2+ 32. Kf3 Rxa2 -+ ) 31. ... Be6 32. Bf3 Rb1+ 33. Kf2 
Rb2+ 34. Be2 Rxa2 {Black gains a pawn and later converts his material and 
positional advantage into a win } 35. h4 a5 36. h5 h6 37. Ke3 Bxd5 38. 
exd5 Bxc3 {The win is a matter of time. White cannot create counterplay at
all because of his "bad" bishop.} 39. Bb5 Rb2 40. Be8 Rb7 41. Bc6 {On c6 
the bishop guards pawn a5, but it is cut off from the kingside, where 
Black will make progress soon by activating the king.} 41. ... Re7+ 42. 
Kf4 Re5 43. Rh1 Kg7 44. Rg1+ Kf8 45. Rh1 Ke7 46. Kf3 Bb4 47. Rh2 Kf6 48. 
Kf4 Rf5+ 49. Kg4 Rg5+ 50. Kf4 Bc3 51. Ke4 Rg4+ 52. Kf3 Rb4 53. Rc2 Bd4 54.
 Be8 Rb8 55. Bc6 Kg5 56. Rg2+ ( 56. Rh2 Rb3+ 57. Ke4 Bc5 -+ ) 56. ... Kxh5
57. Kf4 Be5+ 58. Kf5 Kh4 59. Ra2 Rb4 60. Rf2 Kg3 61. Rf1 Kg2 0-1